000 02734cam a22004574i 4500
003 PE-LiUPU
005 20250731165426.0
008 160203s2014 pe grm 000 0 spa d
035 _a(Sirsi) a155905
040 _aPE-LiUPU
_bspa
_cPE-LiUPU
_erda
099 _aTPS 2
_bG25 2014
100 1 _aGarcía García, Luzmila Abigail
_eautor
245 1 _aConstrucción y validación de la Escala de Consumo Patológico para adolescentes de Lima Metropolitana, 2013 /
_cLuzmila Abigail García García.
264 0 _c2014.
300 _a80 hojas
_c30 cm
336 _atext
_2rdacontent
337 _aunmediated
_2rdamedia
338 _avolume
_2rdacarrier
502 _aTesis
_b(Lic.) --
_cUniversidad Peruana Unión,
_d2014.
504 _aIncluye referencias
520 3 _aEl propósito de este trabajo fue construir y determinar las propiedades psicométricas de la Escala de Consumo Patológico, para adolescentes de Lima metropolitana. La metodología utilizada fue de diseño no experimental, de tipo de psicométrico. El instrumento costa de 32 ítems y se compone de dos dimensiones: 1) consumo por compulsión (16 ítems) y 2) consumo por evasión (16 ítems). Diseñada para ser utilizada en adolescentes de 15 a 19 años de edad valorando de forma cualitativa y cuantitativa la gravedad de los síntomas. Los participantes se escogieron mediante un muestreo no probabilístico de tipo por conveniencia; entre 15 a 19 años de edad, de ambos sexos. La validez de contenido del instrumento fue ejecutado mediante la validez de criterio de jueves; aplicándose el coeficiente V de Aiken; alcanzándose niveles adecuados de significación estadística en cuanto a claridad, sencillez y precisión de reactivos. En relación a la validez de constructo, el KMO presento un valor de 0.870 indicando la posibilidad para el uso del análisis factorial, proyectándose como resultados, un nivel de significancia alto; al efectuarse el análisis por componentes rotados de Varimax, se obtuvo como resultado dos factores que muestran adecuadas correlaciones debido a la saturación de los ítems.
526 _aSEG44
526 _aSEG26
526 _aP151
526 _aP150
526 _aP149
526 _aP146
526 _aP145
526 _aP126
526 _aP125
526 _aP92
526 _aP75
526 _aP74
526 _aP27
526 _aP15
650 0 4 _aAdolescentes
_xAdicción a las compras
_xAspectos psicológicos
_vTesis.
700 1 _aPeralta Casanova, Jakelin Beatriz
_eautor
596 _a1
942 _2ddc
_cTESIS
999 _aTPS 2 G25 2014
_wALPHANUM
_c8583
_iT01543
_lCCODEBUL3
_mBUL
_r1
_sY
_tTESIS
_u2016-2-3
_xSALUD
_PP33
_o.STAFF. Tesis
_d8583
980 _81
_gALBERTO SANCHEZ Responsable de Automatización